[Event "SUI-ch U12"]
[Site "Cham"]
[Date "2014.07.04"]
[Round "4"]
[White "Tezayak, Matthias"]
[Black "Achermann, Florin"]
[Result "1-0"]
[WhiteElo "1740"]
[BlackElo "1603"]
[PlyCount "59"]
[EventDate "2014.07.03"]
[EventType "swiss"]
[EventRounds "7"]
[EventCountry "SUI"]
[SourceTitle "CBM 161 Extra"]
[Source "ChessBase"]
[SourceDate "2014.08.29"]
[SourceVersion "1"]
[SourceVersionDate "2014.08.29"]
[SourceQuality "1"]

1. e4 e5 2. Nf3 Nc6 3. d4 exd4 4. Nxd4 Nf6 5. Nxc6 bxc6 6. Nc3 Bb4 7. Bd3 0-0 8. 0-0 d6 9. h3 c5 10. Re1 Bb7 11. Bg5 h6 12. Bh4 Re8 13. Qf3 g5 14. Bg3 Qe7 15. Re2 Bxc3 16. bxc3 Bxe4 17. Bxe4 Nxe4 18. Rae1 d5 19. Qd3 Qd7 20. Rxe4 c4 21. Rxe8+ Rxe8 22. Rxe8+ Qxe8 23. Qxd5 Qe1+ 24. Kh2 Qxc3 25. Be5 Qxc2 26. Qd8+ Kh7 27. Qh8+ Kg6 28. Qf6+ Kh5 29. g4+ Kh4 30. Bg3# 1-0

[Event "SUI-ch U10"]
[Site "St Ursanne"]
[Date "2011.07.01"]
[Round "4"]
[White "Achermann, Florin"]
[Black "Perman, Denis"]
[Result "1-0"]
[WhiteElo "1415"]
[BlackElo "1790"]
[PlyCount "85"]
[EventDate "2011.06.30"]
[EventType "tourn"]
[EventRounds "7"]
[EventCountry "SUI"]
[SourceTitle "EXT 2012"]
[Source "ChessBase"]
[SourceDate "2011.11.24"]
[SourceVersion "1"]
[SourceVersionDate "2011.11.24"]
[SourceQuality "1"]

1. e4 c5 2. Nc3 Nc6 3. f4 d6 4. Nf3 e6 5. Bb5 Be7 6. 0-0 Nf6 7. e5 Nd7 8. Bxc6 bxc6 9. d3 0-0 10. exd6 Bxd6 11. Ne4 Be7 12. Qe1 Nf6 13. b3 Nxe4 14. dxe4 Ba6 15. c4 Bf6 16. e5 Be7 17. Bb2 Bb7 18. Rd1 Qc7 19. Rd2 Rfd8 20. Rff2 a5 21. a4 Rxd2 22. Rxd2 Rd8 23. Rxd8+ Qxd8 24. Ba3 Qd3 25. Qxa5 Qd1+ 26. Kf2 Qc2+ 27. Nd2 h6 28. Ke3 Qd1 29. Qc7 Qg1+ 30. Kd3 Qd4+ 31. Kc2 Qxf4 32. Qxe7 Qf5+ 33. Kd1 Qh5+ 34. Kc1 Qxh2 35. Qxb7 Qg1+ 36. Kc2 Qxg2 37. a5 Qg6+ 38. Kb2 Qd3 39. a6 Qxd2+ 40. Ka1 Qd1+ 41. Ka2 Qc2+ 42. Bb2 Qd2 43. Qb6 1-0